|
|
|
|
| LEADER |
00000nab a2200000 a 4500 |
| 001 |
vtls000328898 |
| 003 |
SK-MaSNL |
| 005 |
20260318133017.0 |
| 008 |
230217c1987 xo 0 eng |
| 015 |
|
|
|a SNBRB19rr/mm-uuuuu
|
| 035 |
|
|
|a CL0329020
|
| 035 |
|
|
|a (urnnbn)urn:nbn:sk:snk:ar-003h1b
|
| 035 |
|
|
|a (uuid)049b2469-b2ec-42ae-8636-94d583406235
|
| 035 |
|
|
|a urn:nbn:sk:snk-ab7t9f
|
| 040 |
|
|
|a SNKBUCL
|b slo
|c SNKBUCL
|e AACR2
|
| 041 |
0 |
|
|a eng
|
| 044 |
|
|
|a xo
|c SK
|
| 080 |
|
|
|a 674.038.18:595.732:620.197.7
|2 1981
|
| 080 |
|
|
|a 595.732
|2 1981
|
| 080 |
|
|
|a 620.197.7
|2 1981
|
| 100 |
1 |
|
|a Unger, Wibke
|4 aut
|9 1232796
|
| 245 |
1 |
4 |
|a The influence of tensides on Reticulitermes santonensis de Feyteaud and its intestinal flagellates
|c Wibke Unger, Günter Schultze-Dewitz
|
| 300 |
|
|
|b Obr. 2. Tb. 2. Res. slov., rus., nem., lit. 4 zázn. v nem., angl.
|
| 650 |
0 |
7 |
|a drevo
|2 snkbucl
|9 3560
|
| 650 |
0 |
7 |
|a termity
|2 snkbucl
|9 236560
|
| 650 |
0 |
7 |
|a Reticulitermes Santonensis
|2 snkbucl
|9 1232797
|
| 650 |
0 |
7 |
|a ochrana dreva
|2 snkbucl
|9 27986
|
| 650 |
0 |
7 |
|a tenzidy
|2 snkbucl
|9 26024
|
| 655 |
|
7 |
|a články z novín a časopisov
|2 snkbucl
|9 267496
|
| 700 |
1 |
|
|a Schultze-Dewitz, Günter
|4 aut
|9 1153338
|
| 773 |
0 |
|
|t Drevársky výskum
|g Č. 115 (1987), s. 21-28
|
| 850 |
|
|
|a Slovenská národná knižnica v Martine
|a MTA001
|
| 852 |
|
|
|a SNK
|b KIS3GCP
|
| 958 |
|
|
|a OND
|
| 958 |
|
|
|a RK
|
| 958 |
|
|
|a EUIPO
|
| 958 |
|
|
|a article9
|
| 992 |
|
|
|a RBX
|
| 999 |
|
|
|c 2175487
|d 2177417
|